| 000 | nam a22 7a 4500 | ||
|---|---|---|---|
| 999 |
_c122913 _d122913 |
||
| 005 | 20190909130154.0 | ||
| 008 | 190814b mx ||||| |||| 00| 0 spa d | ||
| 020 | _a9707017171 | ||
| 050 | 0 | 4 |
_aKGF3015 _bC33 2006 |
| 100 | 1 | _aCaballero Juárez, José Antonio | |
| 245 | 1 | 0 |
_aDerecho de acceso a la información en el Poder Judicial _c/ José Antonio Caballero Juárez, Vanessa Díaz, Ernesto Villanueva. |
| 250 | _a1a ed. | ||
| 260 |
_aMéxico : _bH. Cámara de Diputados, LIX Legislatura : _bLibertad de Información México ; _bMiguel ángel Porrúa, _c2006. |
||
| 300 |
_a185 p. ; _c23 cm. |
||
| 490 | 0 | _aConocer para Decidir | |
| 504 | _aIncluye bibliografía e índice | ||
| 650 | 7 |
_2lemb _aLibertad de información _zMéxico |
|
| 650 | 7 |
_2lemb _aAdministración de justicia _zMéxico |
|
| 650 | 4 |
_aTransparencia en el gobierno _zMéxico |
|
| 700 | 1 |
_aDíaz, Vanessa, _eautor |
|
| 700 | 1 |
_aVillanueva, Ernesto, _eautor |
|
| 942 |
_2lcc _cLIB |
||